| 000 | 00695nam a2200193Ii 4500 | ||
|---|---|---|---|
| 003 | JO-AjNU | ||
| 008 | 230605s9999||||xx |||||||||||||| ||und|| | ||
| 040 |
_aJO-AjNU _bara _erda _cJO-AjNU |
||
| 041 | _aara | ||
| 050 | 1 | 4 | _aPS3503.U198D712 1990z |
| 100 | 3 |
_aتاليف بك ، بيرل ؛ ترجمة محمد علي زيد ؛ مراجعة محمد سامي عاشور , _eauthor _939583 |
|
| 245 | 0 | 0 | _aنسل التنين |
| 264 | 3 | 1 | _aالقاهرة : الدار المصرية للتاليف ،1990Z |
| 300 | _a450ص | ||
| 336 |
_atext _btxt _2rdacontent |
||
| 337 |
_aunmediated _bn _2rdamedia |
||
| 338 |
_avolume _bnc _2rdacarrier |
||
| 650 | 4 |
_aالقصص الإنجليزية _939584 |
|
| 999 |
_aA16729 _c20297 _d20297 |
||